<?xml version="1.0" encoding="UTF-8"?>
<collection xmlns="http://www.loc.gov/MARC21/slim">
<record>
  <controlfield tag="001">111969</controlfield>
  <controlfield tag="005">20220329090305.0</controlfield>
  <datafield tag="037" ind1=" " ind2=" ">
    <subfield code="a">TAZ-TFG-2018-767</subfield>
  </datafield>
  <datafield tag="041" ind1=" " ind2=" ">
    <subfield code="a">spa</subfield>
  </datafield>
  <datafield tag="100" ind1="1" ind2=" ">
    <subfield code="a">Grados Saso , Isabel</subfield>
  </datafield>
  <datafield tag="242" ind1="0" ind2="0">
    <subfield code="a">Urinary infection at 90 days following Radical cystectomy.</subfield>
  </datafield>
  <datafield tag="245" ind1="0" ind2="0">
    <subfield code="a">Infección urinaria a 90 días tras cistectomía radical.</subfield>
  </datafield>
  <datafield tag="260" ind1=" " ind2=" ">
    <subfield code="a">Zaragoza</subfield>
    <subfield code="b">Universidad de Zaragoza</subfield>
    <subfield code="c">2018</subfield>
  </datafield>
  <datafield tag="500" ind1=" " ind2=" ">
    <subfield code="a">Resumen disponible también en inglés</subfield>
  </datafield>
  <datafield tag="506" ind1=" " ind2=" ">
    <subfield code="a">by-nc-sa</subfield>
    <subfield code="b">Creative Commons</subfield>
    <subfield code="c">3.0</subfield>
    <subfield code="u">http://creativecommons.org/licenses/by-nc-sa/3.0/</subfield>
  </datafield>
  <datafield tag="520" ind1=" " ind2=" ">
    <subfield code="a">INTRODUCCIÓN: La infección del tracto urinario (ITU) continúa siendo una de las complicaciones más frecuentes tras la cistectomía radical (CR). Uno de los factores que incrementan la tasa de ITU es el manejo de catéteres ureterales. Este trabajo pretende valorar la tasa de ITU tras CR existente en el HCU Lozano Blesa y compararla con lo descrito en la bibliografía, así como conocer los factores favorecedores y protectores relacionados en nuestra muestra para plantear medidas que puedan mejorar los resultados. MATERIAL Y MÉTODOS: Estudio retrospectivo de los pacientes sometidos a CR por cáncer vesical en el HCU Lozano Blesa, desde enero de 2012 hasta julio 2017.Se recogen como variables principales: reingreso por ITU en los siguientes 90 días a la cirugía y reingreso por ITU tras retirada de catéteres a 90 días. RESULTADOS: La proporción de ITU es del 14,63% en la población objeto de estudio , el 45,8%  tras retirada de catéteres. Unicamente la variable analgesia se identifica como factor protector de ITU. OR=0,333 (IC95%: 0,126-0,881), p valor= 0,027 con una probabilidad un 66,7% menor de tener ingreso por ITU tras CR. La proporción de ITU tras retirada es del 9,40%.En el análisis multivariante únicamente el tipo de derivación se mantiene como factor de riesgo estadísticamente significativo. El tipo Studer vs Bricker tiene mayor riesgo de ITU tras retirada de catéteres OR=4,461 (IC95%=1.146-17.364). CONCLUSIONES: La tasa de ITU a 90 días es comparable con la bibliografía existente.La derivación urinaria tipo Studer se asocia a mayor riesgo de ITU tras retirada de catéteres.El 45,8% de los reingresos por ITU  se producen tras la retirada de catéteres.La  retirada precoz de catéteres, a los 10 días, y la profilaxis antibiótica, van encaminadas a reducir  la tasa de ITU. En el estudio piloto realizado con este fin, ningún paciente presenta ITU tras la retirada de los catéteres.&lt;br /></subfield>
  </datafield>
  <datafield tag="521" ind1=" " ind2=" ">
    <subfield code="a">Graduado en Medicina</subfield>
  </datafield>
  <datafield tag="540" ind1=" " ind2=" ">
    <subfield code="a">Derechos regulados por licencia Creative Commons</subfield>
  </datafield>
  <datafield tag="700" ind1=" " ind2=" ">
    <subfield code="a">Subirá Ríos, Jorge</subfield>
    <subfield code="e">dir.</subfield>
  </datafield>
  <datafield tag="710" ind1="2" ind2=" ">
    <subfield code="a">Universidad de Zaragoza</subfield>
    <subfield code="b">Cirugía, Ginecología y Obstetricia</subfield>
    <subfield code="c">Urología</subfield>
  </datafield>
  <datafield tag="856" ind1="0" ind2=" ">
    <subfield code="f">555150@celes.unizar.es</subfield>
  </datafield>
  <datafield tag="856" ind1="4" ind2=" ">
    <subfield code="s">594080</subfield>
    <subfield code="u">http://zaguan.unizar.es/record/111969/files/TAZ-TFG-2018-767.pdf</subfield>
    <subfield code="y">Memoria (spa)</subfield>
  </datafield>
  <datafield tag="909" ind1="C" ind2="O">
    <subfield code="o">oai:zaguan.unizar.es:111969</subfield>
    <subfield code="p">driver</subfield>
    <subfield code="p">trabajos-fin-grado</subfield>
  </datafield>
  <datafield tag="950" ind1=" " ind2=" ">
    <subfield code="a"></subfield>
  </datafield>
  <datafield tag="980" ind1=" " ind2=" ">
    <subfield code="a">TAZ</subfield>
    <subfield code="b">TFG</subfield>
    <subfield code="c">MED</subfield>
  </datafield>
  <datafield tag="999" ind1=" " ind2=" ">
    <subfield code="a">20180529150821.CREATION_DATE</subfield>
  </datafield>
  <datafield tag="951" ind1=" " ind2=" ">
    <subfield code="a">deposita:2022-03-29</subfield>
  </datafield>
</record>
</collection>